KOHA-Header-6

Installation Maintenance and Repair Electrical Machines and Equipments (Record no. 1412)

000 -LEADER
fixed length control field 00344nam a2200121Ia 4500
008 - FIXED-LENGTH DATA ELEMENTS--GENERAL INFORMATION
fixed length control field 190723s9999 xx 000 0 und d
020 ## - INTERNATIONAL STANDARD BOOK NUMBER
International Standard Book Number 978-93-5014-546-3
100 ## - MAIN ENTRY--PERSONAL NAME
Personal name Madhvi Gupta
245 #0 - TITLE STATEMENT
Title Installation Maintenance and Repair Electrical Machines and Equipments
260 ## - PUBLICATION, DISTRIBUTION, ETC. (IMPRINT)
Place of publication, distribution, etc India
Name of publisher, distributor, etc Katson Books
Date of publication, distribution, etc 2014
300 ## - PHYSICAL DESCRIPTION
Extent 498.:P
942 ## - ADDED ENTRY ELEMENTS (KOHA)
Koha item type Books
Holdings
Withdrawn status Lost status Source of classification or shelving scheme Damaged status Not for loan Collection code Permanent Location Current Location Shelving location Date acquired Full call number Barcode Date last seen Price effective from Koha item type
          Electrical Engineering MAJU MAJU Shelf No.A25 2019-07-23 621.31 8036 2019-07-23 2019-07-23 Electrical Engineering

Powered by Koha